What is history?
| Main Author: | |
|---|---|
| Other Authors: | |
| Format: | Book |
| Published: |
England :
Penguin Books Ltd. ,
1987
|
| Subjects: |
MARC
| LEADER | 00000cam a2200000 7i4500 | ||
|---|---|---|---|
| 001 | 0000164511 | ||
| 005 | 20120615.0 | ||
| 020 | |a 0140227504 | ||
| 090 | 0 | 0 | |a 902 |b CAR |
| 100 | 1 | |a Carr, Edward Hallett |c 1892-1982 | |
| 245 | 1 | 0 | |a What is history? |c E.H.Carr ; edited by, R.W.Davies |
| 260 | |a England : |b Penguin Books Ltd. , |c 1987 | ||
| 300 | |a 194p. ; |c 20cm. | ||
| 650 | 0 | 0 | |a History |x Philosophy |
| 700 | 1 | |a Davies, R.W | |
| 999 | |a 0008625 |b BUKU |c PINJAMAN |e PERPUSTAKAAN KOMUNITI PETALING JAYA | ||